[Event "OEISM 0818 BLMM"]
[Site "austriablmm"]
[Date "2020.12.12"]
[Round "1"]
[White "Blacky247"]
[Black "Luis_VST"]
[Result "1-0"]
[WhiteElo "1366"]
[BlackElo "1620"]
[Annotator "NA RC"]
[PlyCount "91"]
[EventDate "2020.12.12"]
[EventType "blitz"]

1. e4 {[%emt 0:00:03]} e5 {[%emt 0:00:03]} 2. d3 {[%emt 0:00:02]} Nf6 {[%emt 0:00:08]} 3. Nf3 {[%emt 0:00:03]} Nc6 {[%emt 0:00:04]} 4. Nc3 {[%emt 0:00:04]} d6 {[%emt 0:00:05]} 5. Bg5 {[%emt 0:00:02]} Bg4 {[%emt 0:00:06]} 6. Be2 {[%emt 0:00:03]} Bxf3 {[%emt 0:00:03]} 7. Bxf6 {[%emt 0:00:11]} gxf6 {[%emt 0:00:02]} 8. Bxf3 {[%emt 0:00:02]} Bh6 {[%emt 0:00:06]} 9. O-O {[%emt 0:00:04]} Bg7 {[%emt 0:00:04]} 10. h3 {[%emt 0:00:02]} O-O {[%emt 0:00:05]} 11. Bg4 {[%emt 0:00:03]} Ne7 {[%emt 0:00:41]} 12. Nd5 {[%emt 0:00:09]} Nxd5 {[%emt 0:00:04]} 13. exd5 {[%emt 0:00:03]} c6 {[%emt 0:00:02]} 14. dxc6 {[%emt 0:00:05]} bxc6 {[%emt 0:00:01]} 15. Bf3 {[%emt 0:00:06]} Qe7 {[%emt 0:00:19]} 16. Bxc6 {[%emt 0:00:06]} Qc7 {[%emt 0:00:08]} 17. Bxa8 {[%emt 0:00:02]} Rxa8 {[%emt 0:00:03]} 18. Qf3 {[%emt 0:00:06]} Qc8 {[%emt 0:00:09]} 19. Rac1 {[%emt 0:00:10]} Bh6 {[%emt 0:00:12]} 20. Rcd1 {[%emt 0:00:28]} Qe8 {[%emt 0:00:14]} 21. Qg4+ {[%emt 0:00:15]} Kf8 {[%emt 0:00:12]} 22. Qe4 {[%emt 0:00:21]} Qd8 {[%emt 0:00:11]} 23. Qxh7 {[%emt 0:00:07]} Ke7 {[%emt 0:00:10]} 24. Qxh6 {[%emt 0:00:02]} Qh8 {[%emt 0:00:28]} 25. Qxh8 {[%emt 0:00:05]} Rxh8 {[%emt 0:00:04]} 26. b4 {[%emt 0:00:08]} Rb8 {[%emt 0:00:13]} 27. a3 {[%emt 0:00:05]} d5 {[%emt 0:00:13]} 28. d4 {[%emt 0:00:05]} exd4 {[%emt 0:00:05]} 29. Rxd4 {[%emt 0:00:03]} Ke6 {[%emt 0:00:12]} 30. Re1+ {[%emt 0:00:03]} Kd6 {[%emt 0:00:27]} 31. Red1 {[%emt 0:00:04]} Ke7 {[%emt 0:00:03]} 32. Rxd5 {[%emt 0:00:03]} Kf8 {[%emt 0:00:02]} 33. Rd8+ {[%emt 0:00:05]} Rxd8 {[%emt 0:00:03]} 34. Rxd8+ {[%emt 0:00:02]} Kg7 {[%emt 0:00:01]} 35. Rd7 {[%emt 0:00:04]} f5 {[%emt 0:00:05]} 36. Rxa7 {[%emt 0:00:03]} f4 {[%emt 0:00:05]} 37. b5 {[%emt 0:00:05]} Kf6 {[%emt 0:00:02]} 38. b6 {[%emt 0:00:04]} Ke6 {[%emt 0:00:03]} 39. b7 {[%emt 0:00:04]} f5 {[%emt 0:00:03]} 40. b8=Q {[%emt 0:00:04]} Kf6 {[%emt 0:00:04]} 41. Qxf4 {[%emt 0:00:02]} Kg6 {[%emt 0:00:01]} 42. Ra5 {[%emt 0:00:05]} Kf6 {[%emt 0:00:02]} 43. Qxf5+ {[%emt 0:00:02]} Kg7 {[%emt 0:00:02]} 44. Ra6 {[%emt 0:00:04]} Kg8 {[%emt 0:00:03]} 45. Qd7 {[%emt 0:00:03]} Kf8 {[%emt 0:00:03]} 46. Ra8# {[%emt 0:00:02] Mate Mate} 1-0

[Event "OEISM 0818 BLMM"]
[Site "austriablmm"]
[Date "2020.12.12"]
[Round "2"]
[White "DoHoChess"]
[Black "Magdalena_m"]
[Result "1-0"]
[WhiteElo "2254"]
[BlackElo "1758"]
[Annotator "TA"]
[PlyCount "75"]
[EventDate "2020.12.12"]
[EventType "blitz"]

{[%evp 16,75,61,68,81,39,67,56,68,64,81,105,86,88,127,125,156,158,169,172,381,381,326,299,293,271,502,491,452,411,393,410,381,380,478,285,277,283,682,671,872,860,988,976,2349,697,614,0,1335,454,429,420,562,557,1508,1422,1101,336,679,656,617,600]} 1. Nf3 Nf6 2. c4 g6 3. Nc3 Bg7 4. e4 d6 5. d4 Nbd7 6. Be2 e5 7. O-O O-O 8. Be3 Re8 9. d5 Rf8 {E94: King's Indian: Classical: 6 Be2 e5 7 0-0: Various Black 7th moves.} 10. Ne1 Ne8 11. g4 {[#]} Kh8 $146 {White is slightly better.} ({Predecessor:} 11... f5 12. gxf5 gxf5 13. exf5 Rxf5 14. Kh1 Nf8 15. Rg1 Ng6 16. Bd3 Nf4 17. Bxf5 Bxf5 {1-0 (61) Shen,Y (1976)-Munoz Perez,M (2049) Gijon 2011}) 12. Kh1 f5 13. exf5 gxf5 14. gxf5 Rxf5 15. Nf3 Nc5 16. b4 Na6 17. a3 e4 $2 {[#]} (17... c6 18. Rg1 Rf8) 18. Nxe4 $18 Qe7 19. Ng3 Rf8 20. Nh5 Bg4 $2 (20... c5 {keeps fighting.} 21. dxc6 bxc6) 21. Nxg7 Nxg7 22. Rg1 Qe4 {[%cal Rg4f3]} 23. Rxg4 Qxg4 24. Ng5 Qh4 25. Qd4 (25. Qd3 $142) 25... Qxd4 26. Bxd4 Rae8 $2 (26... c5) 27. Ne6 Rf7 28. Rg1 Rg8 29. Bh5 (29. Bxg7+ Rfxg7 30. Nxg7 Rxg7 $16) 29... Rd7 30. Ng5 (30. Nxg7 $142 Rgxg7 31. Re1 (31. Bxg7+ Rxg7 32. Re1 Rg5 $18)) 30... Rf8 31. Ne6 (31. Bg4 $142 Re7 32. Ne6) 31... Rg8 32. Be8 (32. Nxg7 $142 {White wants to mate with Nf5+.} Rgxg7 33. Re1 (33. Bxg7+ Rxg7 34. Re1 Rg5 $18)) 32... Re7 33. Bf6 ({Less strong is} 33. Bxg7+ Rexg7 34. Nxg7 Rxg7 $18) (33. Nxg7 Rgxg7 34. Bxg7+ (34. Rxg7 Rxg7 35. Bd7 b6 $18) 34... Rxg7 $18) 33... Rexe8 34. Nxg7 {[#] Threatening mate with Nf5+.} ({Not} 34. Bxg7+ Rxg7 35. Nxg7 Re7 $18) 34... Rxg7 35. Rxg7 {[%cal Rg7g6]} Rf8 36. Rg6+ Rxf6 37. Rxf6 Kg7 38. Re6 {Black did not feel at home in the position after the opening.  Weighted Error Value: White=0.79/Black=0.63} 1-0

[Event "OEISM 0818 BLMM"]
[Site "austriablmm"]
[Date "2020.12.12"]
[Round "2"]
[White "Beckenbauer23"]
[Black "Sebsep1"]
[Result "1/2-1/2"]
[WhiteElo "2090"]
[BlackElo "2025"]
[Annotator "NA RC"]
[PlyCount "82"]
[EventDate "2020.12.12"]
[EventType "blitz"]

1. e4 {[%emt 0:00:01]} e5 {[%emt 0:00:02]} 2. Nf3 {[%emt 0:00:02]} Nc6 {[%emt 0:00:01]} 3. Nc3 {[%emt 0:00:01]} Nf6 {[%emt 0:00:07]} 4. a3 {[%emt 0:00:02]} d6 {[%emt 0:01:07]} 5. d4 {[%emt 0:00:28]} Bg4 {[%emt 0:00:02]} 6. Bb5 {[%emt 0:00:43]} exd4 {[%emt 0:00:23]} 7. Qxd4 {[%emt 0:00:02]} a6 {[%emt 0:00:33]} 8. Bxc6+ {[%emt 0:01:05]} bxc6 {[%emt 0:00:00]} 9. h3 {[%emt 0:00:28]} Bxf3 {[%emt 0:00:03]} 10. gxf3 {[%emt 0:00:00]} d5 {[%emt 0:01:07]} 11. Bg5 {[%emt 0:00:24]} dxe4 {[%emt 0:00:29]} 12. Bxf6 {[%emt 0:00:44]} Qxf6 {[%emt 0:00:20]} 13. Qxf6 {[%emt 0:00:21]} gxf6 {[%emt 0:00:00]} 14. fxe4 {[%emt 0:00:01]} Rb8 {[%emt 0:00:13]} 15. O-O-O {[%emt 0:00:18]} Rg8 {[%emt 0:00:14]} 16. Rhg1 {[%emt 0:00:10]} Rg6 {[%emt 0:00:06]} 17. f3 {[%emt 0:01:46]} Bd6 {[%emt 0:00:04]} 18. Ne2 {[%emt 0:00:06]} Bc5 {[%emt 0:01:10]} 19. Rxg6 {[%emt 0:00:55]} hxg6 {[%emt 0:00:12]} 20. c3 {[%emt 0:00:13]} Ke7 {[%emt 0:00:06]} 21. Kc2 {[%emt 0:00:02]} Rh8 {[%emt 0:00:11]} 22. Rh1 {[%emt 0:00:01]} a5 {[%emt 0:00:07]} 23. b4 {[%emt 0:00:23]} axb4 {[%emt 0:00:02]} 24. cxb4 {[%emt 0:00:00]} Bb6 {[%emt 0:00:14]} 25. a4 {[%emt 0:00:25]} Rh5 {[%emt 0:00:09]} 26. Kd3 {[%emt 0:00:49]} Ba7 {[%emt 0:00:07]} 27. Rc1 {[%emt 0:00:07]} Kd7 {[%emt 0:00:20]} 28. Rh1 {[%emt 0:00:09]} Ke7 {[%emt 0:00:02]} 29. Nd4 {[%emt 0:00:18]} Kd6 {[%emt 0:00:20]} 30. Nb3 {[%emt 0:00:22]} Bb6 {[%emt 0:00:17]} 31. Kc4 {[%emt 0:00:06]} f5 {[%emt 0:00:06]} 32. Rd1+ {[%emt 0:00:26]} Ke7 {[%emt 0:00:01]} 33. Rh1 {[%emt 0:00:18]} Rh4 {[%emt 0:00:16]} 34. Kd3 {[%emt 0:00:01]} fxe4+ {[%emt 0:00:07]} 35. fxe4 {[%emt 0:00:00]} Kd6 {[%emt 0:00:01]} 36. Nd2 {[%emt 0:00:06]} f5 {[%emt 0:00:15]} 37. Nc4+ {[%emt 0:00:02]} Ke6 {[%emt 0:00:01]} 38. a5 {[%emt 0:00:19]} Ba7 {[%emt 0:00:02]} 39. exf5+ {[%emt 0:00:02]} gxf5 {[%emt 0:00:00]} 40. Kc3 {[%emt 0:00:09] Beckenbauer23 bietet Remis} f4 {[%emt 0:00:22]} 41. Nd2 {[%emt 0:00:01]} Rh5 {[%emt 0:00:15] (Lag: Av=0.24s, max=0.4s)} 1/2-1/2

[Event "OEISM 0818 BLMM"]
[Site "austriablmm"]
[Date "2020.12.12"]
[Round "2"]
[White "David04"]
[Black "UrosN"]
[Result "0-1"]
[WhiteElo "2027"]
[BlackElo "1875"]
[Annotator "NA RC"]
[PlyCount "104"]
[EventDate "2020.12.12"]
[EventType "blitz"]

1. e4 {[%emt 0:00:04]} e5 {[%emt 0:00:02]} 2. Nf3 {[%emt 0:00:03]} Nc6 {[%emt 0:00:01]} 3. Bb5 {[%emt 0:00:04]} Nf6 {[%emt 0:00:01]} 4. O-O {[%emt 0:00:07]} Bc5 {[%emt 0:00:03]} 5. c3 {[%emt 0:00:18]} O-O {[%emt 0:00:11]} 6. d4 {[%emt 0:00:03]} Bb6 {[%emt 0:00:12]} 7. Re1 {[%emt 0:00:09]} d6 {[%emt 0:00:04]} 8. Bg5 {[%emt 0:00:14]} Bg4 {[%emt 0:00:05]} 9. d5 {[%emt 0:00:17]} Ne7 {[%emt 0:00:17]} 10. Bxf6 {[%emt 0:00:26]} gxf6 {[%emt 0:00:00]} 11. h3 {[%emt 0:00:01]} Bh5 {[%emt 0:00:36]} 12. g4 {[%emt 0:00:03]} Bg6 {[%emt 0:00:01]} 13. Nbd2 {[%emt 0:00:09]} c6 {[%emt 0:00:03]} 14. dxc6 {[%emt 0:00:03]} bxc6 {[%emt 0:00:01]} 15. Ba4 {[%emt 0:00:09]} d5 {[%emt 0:00:10]} 16. Qe2 {[%emt 0:00:06]} Qc7 {[%emt 0:00:45]} 17. Rad1 {[%emt 0:00:13]} Rab8 {[%emt 0:00:14]} 18. Bb3 {[%emt 0:00:36]} Rfd8 {[%emt 0:00:10]} 19. Kg2 {[%emt 0:00:56]} a5 {[%emt 0:00:02]} 20. Nh4 {[%emt 0:00:35]} Qa7 {[%emt 0:01:20]} 21. Ba4 {[%emt 0:00:22]} Bc5 {[%emt 0:00:38]} 22. b3 {[%emt 0:00:08]} d4 {[%emt 0:00:51]} 23. c4 {[%emt 0:00:36]} Bb4 {[%emt 0:00:18]} 24. Qf3 {[%emt 0:00:19]} Kg7 {[%emt 0:00:18]} 25. Rg1 {[%emt 0:00:11]} Bxd2 {[%emt 0:00:31]} 26. Rxd2 {[%emt 0:00:04]} Qc7 {[%emt 0:00:51]} 27. Kh2 {[%emt 0:00:16]} c5 {[%emt 0:01:03]} 28. Nf5+ {[%emt 0:00:41]} Kh8 {[%emt 0:00:45]} 29. Rdd1 {[%emt 0:00:52]} Rg8 {[%emt 0:01:18]} 30. Nh6 {[%emt 0:00:26]} Rg7 {[%emt 0:00:11]} 31. Qxf6 {[%emt 0:00:14]} Rb6 {[%emt 0:00:05]} 32. Qf3 {[%emt 0:00:14]} Bxe4 {[%emt 0:00:08]} 33. Nxf7+ {[%emt 0:00:16]} Kg8 {[%emt 0:00:04]} 34. Qxe4 {[%emt 0:00:05]} Rxf7 {[%emt 0:00:02]} 35. Rg2 {[%emt 0:00:37]} Rf4 {[%emt 0:00:02]} 36. Qa8+ {[%emt 0:00:42]} Rb8 {[%emt 0:00:02]} 37. Qa6 {[%emt 0:00:01]} e4 {[%emt 0:00:12]} 38. Qe6+ {[%emt 0:00:05]} Kg7 {[%emt 0:00:02]} 39. Kh1 {[%emt 0:00:18]} Rb6 {[%emt 0:00:01]} 40. Qd7 {[%emt 0:00:10]} Qxd7 {[%emt 0:00:08]} 41. Bxd7 {[%emt 0:00:00]} Rbf6 {[%emt 0:00:01]} 42. Kg1 {[%emt 0:00:04]} Ng6 {[%emt 0:00:05]} 43. Rg3 {[%emt 0:00:43]} Rxf2 {[%emt 0:00:08]} 44. Bf5 {[%emt 0:00:01]} Rf4 {[%emt 0:00:04]} 45. Re1 {[%emt 0:00:04]} e3 {[%emt 0:00:04]} 46. Bd3 {[%emt 0:00:02]} Nh4 {[%emt 0:00:02]} 47. Rf1 {[%emt 0:00:04]} Rxf1+ {[%emt 0:00:03]} 48. Bxf1 {[%emt 0:00:02]} Nf3+ {[%emt 0:00:01]} 49. Kg2 {[%emt 0:00:03]} Ne1+ {[%emt 0:00:05]} 50. Kg1 {[%emt 0:00:01]} Rf2 {[%emt 0:00:01]} 51. a3 {[%emt 0:00:06]} Nf3+ {[%emt 0:00:01]} 52. Rxf3 {[%emt 0:00:06]} Rxf3 {[%emt 0:00:00] David04 resigns} 0-1

[Event "OEISM 0818 BLMM"]
[Site "austriablmm"]
[Date "2020.12.12"]
[Round "2"]
[White "Marc_m"]
[Black "Pernerstorfer_Max"]
[Result "0-1"]
[WhiteElo "1997"]
[BlackElo "1864"]
[Annotator "TA"]
[PlyCount "136"]
[EventDate "2020.12.12"]
[EventType "blitz"]

{[%evp 15,136,-12,-7,-8,-18,-14,-4,-54,-50,-71,-72,-127,-9,-17,-11,-26,-7,-31,0,-42,-33,-32,-24,-44,-32,-50,-32,-32,-32,-32,-27,-118,-120,-129,-124,-418,-410,-400,-324,-299,-305,-306,-288,-285,-162,-225,-227,-226,-224,-230,-227,-232,-225,-225,-197,-226,0,-254,-226,-239,-239,-239,-204,-218,-218,-233,-218,-237,-239,-237,-225,-236,-236,-236,-236,-233,-226,-244,-195,-195,-180,-195,-195,-209,-195,-195,-195,-238,-228,-226,-227,-283,-276,-437,-421,-992,-985,-942,-488,-735,-714,-673,-664,-973,-877,-851,-858,-804,-687,-835,-776,-1507,-1526,-1303,-1203,-1153,-1145,-1640,-1552,-2445,-1959,-1341,-1325]} 1. e4 e5 2. Nf3 Nc6 3. Bb5 f5 4. d3 fxe4 5. dxe4 Nf6 6. Nbd2 Bc5 7. O-O d6 8. c3 O-O 9. b4 {C63: Ruy Lopez: Schliemann/Jaenisch Defence.} Bb6 10. a4 a6 {[#]} 11. Bc4+ $146 {The position is equal.} ({Predecessor:} 11. Bd3 Qe8 12. Nc4 Ba7 13. b5 axb5 14. axb5 Bxf2+ 15. Rxf2 Rxa1 16. bxc6 Qxc6 17. Qc2 Nxe4 18. Bxe4 Qxc4 {0-1 (28) Ginzburg,M-Iglesias,J San Rafael 1992}) 11... Kh8 12. Qb3 Nh5 13. Be6 (13. Qd1 $142) 13... Qf6 (13... Nf4 $17 14. Bxc8 Qxc8) 14. Bxc8 $11 Raxc8 15. Nc4 Qg6 16. Qd1 Ba7 17. Qe2 {[#]} (17. b5 $5 {[%cal Rb5c6]} Ne7 18. b6 Bxb6 19. Nxb6 cxb6 20. Nh4 $15) 17... Nf4 $1 $40 {[%mdl 640] Black mounts an attack.} 18. Bxf4 Rxf4 19. Ncd2 Nd8 20. g3 Ne6 21. Kh1 Rf7 22. Nh4 Qg5 23. Ndf3 {[#]} (23. Nf5 $11 {keeps the balance.}) 23... Qh5 $1 $17 {Hoping for ...Ng5.} 24. Rae1 {[#]} Rcf8 $1 {[%cal Rf7f3]} 25. Kg1 $2 {[%mdl 8192]} (25. Nd2 $17 Qxe2 26. Rxe2) 25... Rxf3 $19 26. Nxf3 Qxf3 27. Qxf3 Rxf3 28. Rc1 Ng5 29. Kg2 {Black should prevent h4.} Rf6 (29... Rd3 $142 30. Rce1 Rxc3) 30. f3 (30. f4 $142 exf4 31. Rxf4) 30... Kg8 31. h4 Ne6 32. Rce1 Kf7 33. Re2 Ke7 34. Rd2 Nd8 35. Rfd1 Ne6 $2 (35... Kd7 $19 {aiming for ...Kc6.} 36. Rd5 Nc6) 36. Rd3 $2 {[%mdl 8192]} (36. Rf1 $1 $11 {and White is okay.}) 36... Nf8 37. R3d2 Nd7 38. a5 Nb8 39. Rb2 Nc6 40. Ra1 Kd7 41. b5 axb5 42. Rxb5 b6 43. axb6 Bxb6 44. Ra8 Re6 45. Rh8 h6 46. h5 Re8 47. Rxe8 Kxe8 48. Rb1 Kd7 49. f4 Ba5 50. Rc1 Ke6 51. Kf3 Ne7 52. Rc2 Ng8 53. fxe5 Kxe5 54. Rd2 (54. Rb2 {is a better defense.} Bxc3 55. Rb7) 54... Nf6 {Black is clearly winning.} 55. g4 (55. Ra2 $142 Bxc3 56. Ra7) 55... Bxc3 56. Rc2 Ba5 57. Rc4 (57. Ra2 $142 Bb6 58. Ra8) 57... Bb6 58. Rb4 Nh7 59. Ra4 Ng5+ 60. Ke2 Nxe4 {...Nc3+ is the strong threat.} 61. Ra8 {Cut Off at move 61} Kf6 62. Kf3 Ng5+ 63. Kf4 Ne6+ 64. Ke4 Bd4 65. Re8 Be5 66. Rc8 c5 67. Kd5 Nd4 68. Rf8+ Kg5 {Weighted Error Value: White=0.56/Black=0.28} 0-1

[Event "OEISM 0818 BLMM"]
[Site "austriablmm"]
[Date "2020.12.12"]
[Round "2"]
[White "Lukas-2010"]
[Black "Cachri"]
[Result "1-0"]
[WhiteElo "1885"]
[BlackElo "1559"]
[Annotator "NA RC"]
[PlyCount "65"]
[EventDate "2020.12.12"]
[EventType "blitz"]

1. e4 {[%emt 0:00:04]} d6 {[%emt 0:00:01]} 2. d4 {[%emt 0:00:01]} Nf6 {[%emt 0:00:01]} 3. Nc3 {[%emt 0:00:02]} g6 {[%emt 0:00:02]} 4. f4 {[%emt 0:00:06]} Bg7 {[%emt 0:00:01]} 5. Nf3 {[%emt 0:00:01]} O-O {[%emt 0:00:04]} 6. Be3 {[%emt 0:00:01]} b6 {[%emt 0:00:06]} 7. e5 {[%emt 0:00:20]} Ng4 {[%emt 0:01:28]} 8. Bg1 {[%emt 0:00:08]} c5 {[%emt 0:00:21]} 9. h3 {[%emt 0:00:06]} Nh6 {[%emt 0:00:25]} 10. Qd2 {[%emt 0:00:12]} Nf5 {[%emt 0:00:25]} 11. dxc5 {[%emt 0:00:30]} dxc5 {[%emt 0:00:17]} 12. Bf2 {[%emt 0:00:09]} Nc6 {[%emt 0:00:09]} 13. O-O-O {[%emt 0:00:09]} Bb7 {[%emt 0:00:12]} 14. Qd7 {[%emt 0:00:23]} Na5 {[%emt 0:02:02]} 15. Be2 {[%emt 0:00:30]} Bc6 {[%emt 0:00:57]} 16. Qd2 {[%emt 0:00:25]} Qc7 {[%emt 0:00:20]} 17. g4 {[%emt 0:00:08]} Rfd8 {[%emt 0:00:31]} 18. Qe1 {[%emt 0:00:16]} Nd4 {[%emt 0:00:22]} 19. Bxd4 {[%emt 0:00:31]} cxd4 {[%emt 0:00:13]} 20. Nb5 {[%emt 0:00:04]} Bxb5 {[%emt 0:00:30]} 21. Bxb5 {[%emt 0:00:00]} a6 {[%emt 0:00:25]} 22. Bd3 {[%emt 0:00:06]} Nc6 {[%emt 0:00:15]} 23. h4 {[%emt 0:00:18]} b5 {[%emt 0:00:06]} 24. h5 {[%emt 0:00:04]} Rac8 {[%emt 0:00:09]} 25. hxg6 {[%emt 0:00:16]} fxg6 {[%emt 0:00:00]} 26. Ng5 {[%emt 0:00:04]} Qd7 {[%emt 0:01:04]} 27. Rxh7 {[%emt 0:00:21]} Qxg4 {[%emt 0:00:16]} 28. Rh4 {[%emt 0:00:01]} Qd7 {[%emt 0:00:06]} 29. Bxg6 {[%emt 0:00:07]} a5 {[%emt 0:00:26]} 30. Qh1 {[%emt 0:00:05]} Nb4 {[%emt 0:00:07]} 31. Rh8+ {[%emt 0:00:02]} Bxh8 {[%emt 0:00:01]} 32. Qh7+ {[%emt 0:00:00]} Kf8 {[%emt 0:00:04]} 33. Qf7# {[%emt 0:00:00] Mate Mate} 1-0

[Event "OEISM 0818 BLMM"]
[Site "austriablmm"]
[Date "2020.12.12"]
[Round "2"]
[White "Nico2006"]
[Black "CrushTheRush"]
[Result "1-0"]
[WhiteElo "1826"]
[BlackElo "1986"]
[Annotator "NA RC"]
[PlyCount "63"]
[EventDate "2020.12.12"]
[EventType "blitz"]

1. d4 {[%emt 0:00:03]} Nf6 {[%emt 0:00:03]} 2. c4 {[%emt 0:00:02]} e6 {[%emt 0:00:03]} 3. Nf3 {[%emt 0:00:02]} b6 {[%emt 0:00:06]} 4. g3 {[%emt 0:00:04]} Bb7 {[%emt 0:00:02]} 5. Bg2 {[%emt 0:00:03]} Be7 {[%emt 0:00:02]} 6. O-O {[%emt 0:00:07]} d5 {[%emt 0:00:03]} 7. b3 {[%emt 0:00:15]} O-O {[%emt 0:00:03]} 8. Bb2 {[%emt 0:00:08]} Nbd7 {[%emt 0:00:46]} 9. Nc3 {[%emt 0:00:07]} Rc8 {[%emt 0:01:19]} 10. cxd5 {[%emt 0:00:18]} exd5 {[%emt 0:00:00]} 11. Rc1 {[%emt 0:00:06]} Ne4 {[%emt 0:00:34]} 12. Nd2 {[%emt 0:01:25]} f5 {[%emt 0:02:51]} 13. e3 {[%emt 0:00:52]} Kh8 {[%emt 0:00:12]} 14. Ne2 {[%emt 0:00:18]} Bf6 {[%emt 0:00:39]} 15. Nf4 {[%emt 0:00:20]} Qe7 {[%emt 0:00:28]} 16. Nxe4 {[%emt 0:01:17]} dxe4 {[%emt 0:00:06]} 17. Qh5 {[%emt 0:00:08]} Kg8 {[%emt 0:00:17]} 18. Qe2 {[%emt 0:00:44]} c5 {[%emt 0:00:42]} 19. dxc5 {[%emt 0:00:42]} Bxb2 {[%emt 0:00:07]} 20. Qxb2 {[%emt 0:00:04]} Nxc5 {[%emt 0:00:01]} 21. b4 {[%emt 0:00:12]} Nd7 {[%emt 0:01:07]} 22. Qb3+ {[%emt 0:00:24]} Qf7 {[%emt 0:00:03]} 23. Qb2 {[%emt 0:00:37]} g5 {[%emt 0:00:21]} 24. Ne2 {[%emt 0:00:10]} Qg7 {[%emt 0:00:16]} 25. Nd4 {[%emt 0:00:20]} Ne5 {[%emt 0:00:12]} 26. Qb3+ {[%emt 0:00:27]} Qf7 {[%emt 0:00:03]} 27. Rxc8 {[%emt 0:00:33]} Bxc8 {[%emt 0:00:07]} 28. Qxf7+ {[%emt 0:00:09]} Rxf7 {[%emt 0:00:00]} 29. Rc1 {[%emt 0:00:02]} Bb7 {[%emt 0:00:01]} 30. Bf1 {[%emt 0:00:06]} Nf3+ {[%emt 0:00:10]} 31. Nxf3 {[%emt 0:00:02]} exf3 {[%emt 0:00:00]} 32. Bc4 {[%emt 0:00:02] CrushTheRush resigns} 1-0

[Event "OEISM 0818 BLMM"]
[Site "austriablmm"]
[Date "2020.12.12"]
[Round "2"]
[White "Zsofia04"]
[Black "Oberwirschtl"]
[Result "1-0"]
[WhiteElo "1820"]
[BlackElo "1494"]
[Annotator "NA RC"]
[PlyCount "37"]
[EventDate "2020.12.12"]
[EventType "blitz"]

1. e4 {[%emt 0:00:03]} e5 {[%emt 0:00:02]} 2. Bc4 {[%emt 0:00:03]} Nf6 {[%emt 0:00:03]} 3. d3 {[%emt 0:00:02]} Bc5 {[%emt 0:00:06]} 4. Nc3 {[%emt 0:00:02]} Nc6 {[%emt 0:00:06]} 5. f4 {[%emt 0:00:06]} d6 {[%emt 0:00:13]} 6. Nf3 {[%emt 0:00:05]} O-O {[%emt 0:00:12]} 7. f5 {[%emt 0:00:11]} Ng4 {[%emt 0:00:47]} 8. Rf1 {[%emt 0:00:04]} Nd4 {[%emt 0:00:35]} 9. Nxd4 {[%emt 0:00:31]} exd4 {[%emt 0:03:07]} 10. Qxg4 {[%emt 0:00:10]} dxc3 {[%emt 0:00:05]} 11. bxc3 {[%emt 0:00:02]} Qf6 {[%emt 0:00:04]} 12. d4 {[%emt 0:00:15]} Bb6 {[%emt 0:00:12]} 13. Bg5 {[%emt 0:00:05]} Qg6 {[%emt 0:01:44]} 14. Qh4 {[%emt 0:00:25]} Qxg5 {[%emt 0:00:43]} 15. Qxg5 {[%emt 0:00:03]} h6 {[%emt 0:00:01]} 16. Qg3 {[%emt 0:00:04]} Re8 {[%emt 0:00:03]} 17. Bd3 {[%emt 0:00:04]} d5 {[%emt 0:00:06]} 18. e5 {[%emt 0:00:02]} Ba5 {[%emt 0:00:21]} 19. Kd2 {[%emt 0:00:20] Oberwirschtl resigns} 1-0

[Event "OEISM 0818 BLMM"]
[Site "austriablmm"]
[Date "2020.12.12"]
[Round "2"]
[White "Peter Balint"]
[Black "SaRaHo"]
[Result "1-0"]
[WhiteElo "1792"]
[BlackElo "1824"]
[Annotator "NA RC"]
[PlyCount "85"]
[EventDate "2020.12.12"]
[EventType "blitz"]

1. e4 {[%emt 0:00:03]} e5 {[%emt 0:00:02]} 2. Nf3 {[%emt 0:00:02]} Nc6 {[%emt 0:00:02]} 3. Bb5 {[%emt 0:00:06]} a6 {[%emt 0:00:03]} 4. Ba4 {[%emt 0:00:02]} b5 {[%emt 0:00:02]} 5. Bb3 {[%emt 0:00:02]} Nf6 {[%emt 0:00:03]} 6. O-O {[%emt 0:00:02]} Bc5 {[%emt 0:00:10]} 7. c3 {[%emt 0:00:58]} Bb6 {[%emt 0:00:19]} 8. d4 {[%emt 0:00:59]} d6 {[%emt 0:00:20]} 9. Bg5 {[%emt 0:00:05]} h6 {[%emt 0:00:07]} 10. Bd5 {[%emt 0:00:20]} Bb7 {[%emt 0:00:32]} 11. Bh4 {[%emt 0:00:11]} O-O {[%emt 0:00:15]} 12. dxe5 {[%emt 0:00:38]} dxe5 {[%emt 0:00:17]} 13. Nbd2 {[%emt 0:00:06]} Rb8 {[%emt 0:00:04]} 14. c4 {[%emt 0:00:19]} Nd4 {[%emt 0:00:17]} 15. Nxe5 {[%emt 0:00:20]} Qd6 {[%emt 0:00:22]} 16. Nef3 {[%emt 0:00:10]} c6 {[%emt 0:00:23]} 17. e5 {[%emt 0:00:06]} Qd7 {[%emt 0:00:09]} 18. exf6 {[%emt 0:00:03]} cxd5 {[%emt 0:00:02]} 19. fxg7 {[%emt 0:00:02]} Rfe8 {[%emt 0:00:04]} 20. Nxd4 {[%emt 0:00:05]} Bxd4 {[%emt 0:00:03]} 21. Nf3 {[%emt 0:00:01]} Bxb2 {[%emt 0:00:04]} 22. Rb1 {[%emt 0:00:09]} Bxg7 {[%emt 0:00:04]} 23. cxb5 {[%emt 0:00:06]} axb5 {[%emt 0:00:02]} 24. Nd4 {[%emt 0:00:03]} Re4 {[%emt 0:00:14]} 25. Nf3 {[%emt 0:00:10]} d4 {[%emt 0:00:11]} 26. Re1 {[%emt 0:00:06]} Rg4 {[%emt 0:00:03]} 27. Bg3 {[%emt 0:00:05]} Rc8 {[%emt 0:00:36]} 28. h3 {[%emt 0:00:08]} Rg6 {[%emt 0:00:04]} 29. Qd3 {[%emt 0:00:42]} Rc3 {[%emt 0:00:39]} 30. Qxb5 {[%emt 0:00:41]} Qxb5 {[%emt 0:00:03]} 31. Rxb5 {[%emt 0:00:01]} Bxf3 {[%emt 0:00:02]} 32. gxf3 {[%emt 0:00:00]} Rxf3 {[%emt 0:00:02]} 33. Kg2 {[%emt 0:00:01]} Ra3 {[%emt 0:00:06]} 34. Re2 {[%emt 0:00:16]} d3 {[%emt 0:00:08]} 35. Rd2 {[%emt 0:00:01]} Bc3 {[%emt 0:00:04]} 36. Rxd3 {[%emt 0:00:04]} Rc6 {[%emt 0:00:06]} 37. Rb8+ {[%emt 0:00:14]} Kg7 {[%emt 0:00:02]} 38. Rb7 {[%emt 0:00:09]} Rxa2 {[%emt 0:00:08]} 39. Rxc3 {[%emt 0:00:03]} Rxc3 {[%emt 0:00:04]} 40. Be5+ {[%emt 0:00:01]} Kg6 {[%emt 0:00:06]} 41. Bxc3 {[%emt 0:00:00]} f6 {[%emt 0:00:08]} 42. Rb6 {[%emt 0:00:01]} Kg5 {[%emt 0:00:05]} 43. Bxf6+ {[%emt 0:00:06] SaRaHo resigns} 1-0